Practical math for electricity and electronics / (Record no. 180918)
[ view plain ]
| 000 -LEADER | |
|---|---|
| fixed length control field | 01130 a2200217 4500 |
| 003 - CONTROL NUMBER IDENTIFIER | |
| control field | Nust |
| 005 - DATE AND TIME OF LATEST TRANSACTION | |
| control field | 20221122142115.0 |
| 010 ## - LIBRARY OF CONGRESS CONTROL NUMBER | |
| LC control number | 83024866 |
| 020 ## - INTERNATIONAL STANDARD BOOK NUMBER | |
| International Standard Book Number | 007009652X (pbk.) |
| 040 ## - CATALOGING SOURCE | |
| Transcribing agency | Nust |
| 082 00 - DEWEY DECIMAL CLASSIFICATION NUMBER | |
| Classification number | 519,CAL |
| 100 1# - MAIN ENTRY--PERSONAL NAME | |
| Personal name | Calter, Paul. |
| 9 (RLIN) | 56228 |
| 245 10 - TITLE STATEMENT | |
| Title | Practical math for electricity and electronics / |
| Statement of responsibility, etc. | Paul Calter. |
| 260 ## - PUBLICATION, DISTRIBUTION, ETC. | |
| Place of publication, distribution, etc. | New York : |
| Name of publisher, distributor, etc. | McGraw-Hill, |
| Date of publication, distribution, etc. | c1984. |
| 300 ## - PHYSICAL DESCRIPTION | |
| Extent | 233 p. : |
| Other physical details | ill. ; |
| Dimensions | 23 cm. |
| 490 0# - SERIES STATEMENT | |
| Series statement | McGraw-Hill/VTX series |
| 505 ## - FORMATTED CONTENTS NOTE | |
| Formatted contents note | Calculator Practice (Page-1), Resistance (Page-16), Introduction To Algebra (Page-23), Solving Simple Equations (Page-33), Ohm’s Law (Page-39), Electric Power And Energy (Page-43), Percent Error And Percent Efficiency (Page-48), Series Circuits (Page-56), Parallel Circuits (Page-65), Systems Of Linear Equations (Page-83), Capacitors (Page-112), Inductance (Page-119), AC (Page-169), Vectors And Phasors (Page-187), Series As Circuits (Page-195), Parallel As Circuits (Page-207), Power In Ac Circuits (Page-217). |
| 650 #0 - SUBJECT ADDED ENTRY--TOPICAL TERM | |
| Topical term or geographic name entry element | Electrical engineering |
| General subdivision | Mathematics. |
| 9 (RLIN) | 55701 |
| 650 #0 - SUBJECT ADDED ENTRY--TOPICAL TERM | |
| Topical term or geographic name entry element | Electronics |
| General subdivision | Mathematics. |
| 9 (RLIN) | 39051 |
| 942 ## - ADDED ENTRY ELEMENTS (KOHA) | |
| Source of classification or shelving scheme | |
| Koha item type | Book |
| Call number prefix | 519,CAL |
| Withdrawn status | Lost status | Source of classification or shelving scheme | Damaged status | Not for loan | Permanent Location | Current Location | Shelving location | Date acquired | Full call number | Barcode | Date last seen | Price effective from | Koha item type | Public note |
|---|---|---|---|---|---|---|---|---|---|---|---|---|---|---|
| Military College of Signals (MCS) | Military College of Signals (MCS) | General Stacks | 12/12/2016 | 519,CAL | MCS6288 | 12/08/2016 | 12/12/2016 | Book | Almirah No.14, Shelf No.1 | |||||
| Military College of Signals (MCS) | Military College of Signals (MCS) | General Stacks | 12/12/2016 | 519,CAL | MCS7304 | 12/08/2016 | 12/12/2016 | Book | Almirah No.14, Shelf No.1 |
